000 00566nam a2200205Ia 4500
001 14631
003 GE_BSU
008 181216s||||||||xx |||||||||||||| ||und||
040 _cGE_BSU
080 _a821.353.1+821.353.1-32
100 _aქიაჩელი,ლეო
245 _aრჩეული
245 _cრედ.ირაკლი აბაშიძე
260 _aთბილისი
260 _bსაბჭოთა მწერალი
260 _c1956
300 _a685გვ.21სმ.
653 _aრჩეული
942 _cBK
999 _c47759
_d47759